000 02037cam a22004097a 4500
003 CHAP
005 20220329133344.0
008 971013s1991 r 00010 d
010 _a5365
011 _a6337
035 _a5557
040 _cCHAP
082 _a312.0972
_bM49c 1990 Col.
110 _aInstituto Nacional de Estadística, Geografía e Informática. México
_959304
245 0 _aCenso general de población y vivienda (11o.) 1990: Colima : resultados definitivos
260 _aAguascalientes, Ags. :
_bEl Instituto,
_c1991 - 19 .
300 _av.
500 _aLa biblioteca tiene: v.1 Resultados definitivos -- v.2 Integración territorial -- v.3 Perfil sociodemográfico -- v.4 Datos por AGEB urbana -- v.5 Datos por AGEB urbana (19 mapas)-- v.6 Síntesis de resultados
590 _aBATCH-UPD
_b10
_c20130110
_lUCH01
_h2122
590 _aBATCH-UPD
_b10
_c20130410
_lUCH01
_h1432
590 _aBATCH-UPD
_b10
_c20130914
_lUCH01
_h1822
590 _aCONVERSION
_b10
_c20130109
_lUCH01
_h1304
650 1 4 _aMéxico
_xCensos (1990)
_976661
650 1 4 _aPoblación
_xEstadísticas
_zColima.
_989377
650 1 4 _aVivienda
_xColima.
_9120127
901 _aBK
942 _cLIBRO
949 _a312.0972 M49c 1990 Col.
_bBC
_cESP
_d-75455
_eESP
_fv.5 mapas
_h84658
_i5557
_si
949 _a312.0972 M49c 1990 Col.
_bBC
_cINEGI
_d-75442
_eINEGI
_fv.2 c.3
_h84640
_i5557
_si
949 _a312.0972 M49c 1990 Col.
_bBC
_cINEGI
_d33724000467585
_eINEGI
_fv.2 c.2
_h81414
_i5557
_si
949 _a312.0972 M49c 1990 Col.
_bBC
_cINEGI
_d33724000486114
_eINEGI
_fv.3 c.2
_h84783
_i5557
_si
949 _a312.0972 M49c 1990 Col.
_bBC
_cINEGI
_d33724000486270
_eINEGI
_fv.3
_h81304
_i5557
_si
949 _a312.0972 M49c 1990 Col.
_bBC
_cINEGI
_d33724000486288
_eINEGI
_fv.2
_h81413
_i5557
_si
949 _a312.0972 M49c 1990 Col.
_bBC
_cINEGI
_d33724000486445
_eINEGI
_fv.6
_h88872
_i5557
_si
949 _a312.0972 M49c 1990 Col.
_bBC
_cINEGI
_d33724000535548
_eINEGI
_fv.4
_h84657
_i5557
_si
949 _a312.0972 M49c 1990 Col.
_bBC
_cINEGI
_d33724000535829
_eINEGI
_fv.1
_h80303
_i5557
_si
999 _c5365
_d5365